000 00441nam a2200181Ia 4500
001 12946
005 20260306163018.0
008 260306t2010||||xx |||||||||||||| ||spa||
041 _aESP
082 _aRD 463.1
_bG79
100 _aMinisterio de Cultura
_eAUT
245 0 _aDiccionario de sinónimos y antónimos
260 _c2010
300 _a1075 páginas :
_c25 cm.
650 _aGEN
654 _aCHU
942 _cDIC
_dJUS
_fJUS
_2ddc
_n
999 _c12946
_d12946